All Premier League Hat Tricks Ever - Statistics

General Stats
  • This quiz has been taken 402 times
    39 since last reset
  • The average score is 222 of 405
Answer Stats
Club Player % Correct
2007/08 Manchester United Cristiano Ronaldo
96%
2021/22 Manchester United Cristiano Ronaldo
96%
2021/22 Manchester United Cristiano Ronaldo
96%
2011/12 Liverpool Luis Suárez
96%
2012/13 Liverpool Luis Suárez
96%
2012/13 Liverpool Luis Suárez
96%
2013/14 Liverpool Luis Suárez
96%
2013/14 Liverpool Luis Suárez
96%
2013/14 Liverpool Luis Suárez
96%
1993/94 Blackburn Rovers Alan Shearer
92%
1994/95 Blackburn Rovers Alan Shearer
92%
1994/95 Blackburn Rovers Alan Shearer
92%
1994/95 Blackburn Rovers Alan Shearer
92%
1995/96 Blackburn Rovers Alan Shearer
92%
1995/96 Blackburn Rovers Alan Shearer
92%
1995/96 Blackburn Rovers Alan Shearer
92%
1995/96 Blackburn Rovers Alan Shearer
92%
1995/96 Blackburn Rovers Alan Shearer
92%
1996/97 Newcastle United Alan Shearer
92%
1999/00 Newcastle United Alan Shearer
92%
2011/12 Newcastle United Demba Ba
92%
2011/12 Newcastle United Demba Ba
92%
2017/18 Liverpool Mohamed Salah
92%
2018/19 Liverpool Mohamed Salah
92%
2020/21 Liverpool Mohamed Salah
92%
2021/22 Liverpool Mohamed Salah
92%
2000/01 Arsenal Thierry Henry
92%
2002/03 Arsenal Thierry Henry
92%
2003/04 Arsenal Thierry Henry
92%
2003/04 Arsenal Thierry Henry
92%
2004/05 Arsenal Thierry Henry
92%
2004/05 Arsenal Thierry Henry
92%
2005/06 Arsenal Thierry Henry
92%
2005/06 Arsenal Thierry Henry
92%
2006/07 Manchester United Wayne Rooney
92%
2009/10 Manchester United Wayne Rooney
92%
2009/10 Manchester United Wayne Rooney
92%
2010/11 Manchester United Wayne Rooney
92%
2011/12 Manchester United Wayne Rooney
92%
2011/12 Manchester United Wayne Rooney
92%
2017/18 Everton Wayne Rooney
92%
1997/98 Arsenal Dennis Bergkamp
88%
2006/07 Chelsea Didier Drogba
88%
2009/10 Chelsea Didier Drogba
88%
2010/11 Chelsea Didier Drogba
88%
2022/23 Manchester City Erling Haaland
88%
2022/23 Manchester City Erling Haaland
88%
2022/23 Manchester City Erling Haaland
88%
2022/23 Manchester City Erling Haaland
88%
2023/24 Manchester City Erling Haaland
88%
2023/24 Manchester City Erling Haaland
88%
2024/25 Manchester City Erling Haaland
88%
2024/25 Manchester City Erling Haaland
88%
2014/15 Tottenham Hotspur Harry Kane
88%
2015/16 Tottenham Hotspur Harry Kane
88%
2016/17 Tottenham Hotspur Harry Kane
88%
2016/17 Tottenham Hotspur Harry Kane
88%
2016/17 Tottenham Hotspur Harry Kane
88%
2016/17 Tottenham Hotspur Harry Kane
88%
2017/18 Tottenham Hotspur Harry Kane
88%
2017/18 Tottenham Hotspur Harry Kane
88%
2015/16 Leicester City Riyad Mahrez
88%
2020/21 Manchester City Riyad Mahrez
88%
2018/19 Liverpool Roberto Firmino
88%
2021/22 Liverpool Roberto Firmino
88%
2020/21 Tottenham Hotspur Son Heung-Min
88%
2021/22 Tottenham Hotspur Son Heung-Min
88%
2022/23 Tottenham Hotspur Son Heung-Min
88%
2023/24 Tottenham Hotspur Son Heung-Min
88%
2016/17 Leicester City Jamie Vardy
83%
2019/20 Leicester City Jamie Vardy
83%
2020/21 Leicester City Jamie Vardy
83%
2015/16 Arsenal Olivier Giroud
83%
2014/15 Southampton Sadio Mané
83%
2015/16 Southampton Sadio Mané
83%
2011/12 Manchester City Sergio Agüero
83%
2014/15 Manchester City Sergio Agüero
83%
2014/15 Manchester City Sergio Agüero
83%
2015/16 Manchester City Sergio Agüero
83%
2015/16 Manchester City Sergio Agüero
83%
2017/18 Manchester City Sergio Agüero
83%
2017/18 Manchester City Sergio Agüero
83%
2017/18 Manchester City Sergio Agüero
83%
2018/19 Manchester City Sergio Agüero
83%
2018/19 Manchester City Sergio Agüero
83%
2018/19 Manchester City Sergio Agüero
83%
2019/20 Manchester City Sergio Agüero
83%
2021/22 Manchester United Bruno Fernandes
79%
2023/24 Chelsea Cole Palmer
79%
2023/24 Chelsea Cole Palmer
79%
2024/25 Chelsea Cole Palmer
79%
2025/26 Chelsea Cole Palmer
79%
2007/08 Chelsea Frank Lampard
79%
2009/10 Chelsea Frank Lampard
79%
2011/12 Chelsea Frank Lampard
79%
2008/09 Liverpool Steven Gerrard
79%
2011/12 Liverpool Steven Gerrard
79%
1993/94 Newcastle United Andy Cole
75%
1993/94 Newcastle United Andy Cole
75%
1994/95 Manchester United Andy Cole
75%
1997/98 Manchester United Andy Cole
75%
1999/00 Manchester United Andy Cole
75%
2007/08 Liverpool Fernando Torres
75%
2007/08 Liverpool Fernando Torres
75%
2009/10 Liverpool Fernando Torres
75%
2011/12 Chelsea Fernando Torres
75%
2020/21 Manchester City Ferran Torres
75%
2023/24 Crystal Palace Jean-Philippe Mateta
75%
2025/26 Crystal Palace Jean-Philippe Mateta
75%
2015/16 Manchester City Raheem Sterling
75%
2018/19 Manchester City Raheem Sterling
75%
2019/20 Manchester City Raheem Sterling
75%
2019/20 Manchester City Raheem Sterling
75%
2021/22 Manchester City Raheem Sterling
75%
2002/03 Arsenal Robert Pires
75%
2010/11 Arsenal Robin van Persie
75%
2011/12 Arsenal Robin van Persie
75%
2011/12 Arsenal Robin van Persie
75%
2012/13 Manchester United Robin van Persie
75%
2012/13 Manchester United Robin van Persie
75%
2012/13 West Bromwich Albion Romelu Lukaku
75%
2016/17 Everton Romelu Lukaku
75%
2016/17 Everton Romelu Lukaku
75%
2001/02 Manchester United Ruud van Nistelrooy
75%
2002/03 Manchester United Ruud van Nistelrooy
75%
2002/03 Manchester United Ruud van Nistelrooy
75%
2002/03 Manchester United Ruud van Nistelrooy
75%
2003/04 Manchester United Ruud van Nistelrooy
75%
2020/21 Burnley Chris Wood
71%
2023/24 Nottingham Forest Chris Wood
71%
2024/25 Nottingham Forest Chris Wood
71%
1996/97 Aston Villa Dwight Yorke
71%
1998/99 Manchester United Dwight Yorke
71%
1999/00 Manchester United Dwight Yorke
71%
2000/01 Manchester United Dwight Yorke
71%
2023/24 Luton Town Elijah Adebayo
71%
1992/93 Leeds United Eric Cantona
71%
2025/26 Nottingham Forest Morgan Gibbs-White
71%
2020/21 Aston Villa Ollie Watkins
71%
2023/24 Aston Villa Ollie Watkins
71%
2022/23 Manchester City Phil Foden
71%
2023/24 Manchester City Phil Foden
71%
2023/24 Manchester City Phil Foden
71%
2015/16 Arsenal Alexis Sánchez
67%
2016/17 Arsenal Alexis Sánchez
67%
2014/15 Chelsea Diego Costa
67%
2021/22 Manchester City Gabriel Jesus
67%
1997/98 Chelsea Gianfranco Zola
67%
1993/94 Arsenal Ian Wright
67%
1993/94 Arsenal Ian Wright
67%
1994/95 Arsenal Ian Wright
67%
1996/97 Arsenal Ian Wright
67%
1997/98 Arsenal Ian Wright
67%
2004/05 Tottenham Hotspur Jermain Defoe
67%
2009/10 Tottenham Hotspur Jermain Defoe
67%
2009/10 Tottenham Hotspur Jermain Defoe
67%
2015/16 Sunderland Jermain Defoe
67%
1998/99 Manchester United Ole Gunnar Solskjær
67%
1999/00 Manchester United Ole Gunnar Solskjær
67%
2001/02 Manchester United Ole Gunnar Solskjær
67%
2020/21 Arsenal Pierre-Emerick Aubameyang
67%
1992/93 Tottenham Hotspur Teddy Sheringham
67%
1994/95 Tottenham Hotspur Teddy Sheringham
67%
2000/01 Manchester United Teddy Sheringham
67%
2003/04 Portsmouth Teddy Sheringham
67%
2019/20 Manchester City Bernardo Silva
63%
2009/10 Manchester City Carlos Tevez
63%
2009/10 Manchester City Carlos Tevez
63%
2010/11 Manchester City Carlos Tevez
63%
2011/12 Manchester City Carlos Tevez
63%
2007/08 Tottenham Hotspur Dimitar Berbatov
63%
2010/11 Manchester United Dimitar Berbatov
63%
2010/11 Manchester United Dimitar Berbatov
63%
2010/11 Manchester United Dimitar Berbatov
63%
2011/12 Manchester United Dimitar Berbatov
63%
2010/11 Liverpool Dirk Kuyt
63%
2025/26 Arsenal Eberechi Eze
63%
2013/14 Chelsea Eden Hazard
63%
2018/19 Chelsea Eden Hazard
63%
2025/26 Chelsea João Pedro
63%
2021/22 Manchester City Kevin De Bruyne
63%
2023/24 Wolverhampton Wanderers Matheus Cunha
63%
1997/98 Liverpool Michael Owen
63%
1998/99 Liverpool Michael Owen
63%
1998/99 Liverpool Michael Owen
63%
2000/01 Liverpool Michael Owen
63%
2000/01 Liverpool Michael Owen
63%
2002/03 Liverpool Michael Owen
63%
2002/03 Liverpool Michael Owen
63%
2005/06 Newcastle United Michael Owen
63%
2006/07 Liverpool Peter Crouch
63%
2002/03 Tottenham Hotspur Robbie Keane
63%
2003/04 Tottenham Hotspur Robbie Keane
63%
2009/10 Tottenham Hotspur Robbie Keane
63%
2024/25 Newcastle Alexander Isak
58%
1992/93 Norwich City Chris Sutton
58%
1994/95 Blackburn Rovers Chris Sutton
58%
1997/98 Blackburn Rovers Chris Sutton
58%
1997/98 Blackburn Rovers Chris Sutton
58%
2009/10 Sunderland Darren Bent
58%
2023/24 Bournemouth Dominic Solanke
58%
2012/13 Tottenham Hotspur Gareth Bale
58%
2020/21 Tottenham Hotspur Gareth Bale
58%
1992/93 Queens Park Rangers Les Ferdinand
58%
1992/93 Queens Park Rangers Les Ferdinand
58%
1995/96 Newcastle United Les Ferdinand
58%
2000/01 Tottenham Hotspur Les Ferdinand
58%
2007/08 Wigan Athletic Marcus Bent
58%
1998/99 Arsenal Nicolas Anelka
58%
2003/04 Manchester City Nicolas Anelka
58%
2008/09 Chelsea Nicolas Anelka
58%
1999/00 Manchester United Paul Scholes
58%
2002/03 Manchester United Paul Scholes
58%
2010/11 Newcastle United Andy Carroll
54%
2015/16 West Ham United Andy Carroll
54%
2018/19 Wolverhampton Wanderers Diogo Jota
54%
1997/98 Everton Duncan Ferguson
54%
2023/24 Brighton & Hove Albion Evan Ferguson
54%
2002/03 Arsenal Freddie Ljungberg
54%
1993/94 Liverpool Robbie Fowler
54%
1994/95 Liverpool Robbie Fowler
54%
1995/96 Liverpool Robbie Fowler
54%
1995/96 Liverpool Robbie Fowler
54%
1996/97 Liverpool Robbie Fowler
54%
1998/99 Liverpool Robbie Fowler
54%
1998/99 Liverpool Robbie Fowler
54%
2001/02 Liverpool Robbie Fowler
54%
2001/02 Leeds United Robbie Fowler
54%
2019/20 Manchester United Anthony Martial
50%
2011/12 Manchester City Edin Džeko
50%
1995/96 Leeds United Gary McAllister
50%
2000/01 Chelsea Jimmy Floyd Hasselbaink
50%
2001/02 Chelsea Jimmy Floyd Hasselbaink
50%
2003/04 Chelsea Jimmy Floyd Hasselbaink
50%
2004/05 Middlesbrough Jimmy Floyd Hasselbaink
50%
2000/01 Leeds United Mark Viduka
50%
2002/03 Leeds United Mark Viduka
50%
2023/24 Chelsea Nicolas Jackson
50%
2020/21 Leeds United Patrick Bamford
50%
2013/14 Manchester City Yaya Touré
50%
2012/13 Aston Villa Christian Benteke
46%
2014/15 Aston Villa Christian Benteke
46%
2004/05 Chelsea Eiður Guðjohnsen
46%
2025/26 Brentford Igor Thiago
46%
2021/22 Brentford Ivan Toney
46%
2022/23 Brentford Ivan Toney
46%
1997/98 Tottenham Hotspur Jürgen Klinsmann
46%
1999/00 Sunderland Kevin Phillips
46%
2000/01 Sunderland Kevin Phillips
46%
2010/11 Manchester City Mario Balotelli
46%
1992/93 Southampton Matthew Le Tissier
46%
1993/94 Southampton Matthew Le Tissier
46%
1993/94 Southampton Matthew Le Tissier
46%
1995/96 Southampton Matthew Le Tissier
46%
2008/09 Arsenal Andrei Arshavin
42%
2018/19 Newcastle United Ayoze Pérez
42%
2019/20 Leicester City Ayoze Pérez
42%
2011/12 Fulham Clint Dempsey
42%
2012/13 Liverpool Daniel Sturridge
42%
1995/96 Coventry City Dion Dublin
42%
1997/98 Coventry City Dion Dublin
42%
1998/99 Aston Villa Dion Dublin
42%
2007/08 Arsenal Emmanuel Adebayor
42%
2007/08 Arsenal Emmanuel Adebayor
42%
2008/09 Arsenal Emmanuel Adebayor
42%
2023/24 West Ham United Jarrod Bowen
42%
1993/94 Arsenal Kevin Campbell
42%
1993/94 Arsenal Kevin Campbell
42%
1996/97 Nottingham Forest Kevin Campbell
42%
1998/99 Everton Kevin Campbell
42%
2022/23 Brighton & Hove Albion Leandro Trossard
42%
2010/11 Everton Louis Saha
42%
1995/96 Chelsea Mark Hughes
42%
1999/00 Arsenal Nwankwo Kanu
42%
2019/20 Chelsea Tammy Abraham
42%
2010/11 Arsenal Theo Walcott
42%
2012/13 Arsenal Theo Walcott
42%
2014/15 Arsenal Theo Walcott
42%
2013/14 Sunderland Adam Johnson
38%
2017/18 Chelsea Álvaro Morata
38%
2011/12 Fulham Andrew Johnson
38%
2015/16 Bournemouth Callum Wilson
38%
2017/18 Bournemouth Callum Wilson
38%
1992/93 Sheffield Wednesday Chris Bart-Williams
38%
2020/21 Everton Dominic Calvert-Lewin
38%
2008/09 Aston Villa Gabriel Agbonlahor
38%
2024/25 Bournemouth Justin Kluivert
38%
2024/25 Bournemouth Justin Kluivert
38%
2024/25 Manchester City Omar Marmoush
38%
2000/01 Arsenal Sylvain Wiltord
38%
1994/95 Aston Villa Tommy Johnson
38%
2017/18 Arsenal Aaron Ramsey
33%
2024/25 Manchester United Amad Diallo
33%
1994/95 Manchester United Andrei Kanchelskis
33%
1995/96 Everton Andrei Kanchelskis
33%
1992/93 Sheffield United Brian Deane
33%
2000/01 Liverpool Emile Heskey
33%
1996/97 Middlesbrough Fabrizio Ravanelli
33%
1996/97 Middlesbrough Fabrizio Ravanelli
33%
2007/08 Aston Villa John Carew
33%
2016/17 Bournemouth Joshua King
33%
2021/22 Watford Joshua King
33%
1999/00 Arsenal Marc Overmars
33%
2010/11 Liverpool Maxi Rodríguez
33%
2010/11 Liverpool Maxi Rodríguez
33%
2004/05 Liverpool Milan Baroš
33%
2008/09 Manchester City Robinho
33%
2019/20 Norwich City Teemu Pukki
33%
1994/95 Leeds United Tony Yeboah
33%
1995/96 Leeds United Tony Yeboah
33%
1997/98 Chelsea Tore André Flo
33%
2003/04 Portsmouth Yakubu Ayegbeni
33%
2004/05 Portsmouth Yakubu Ayegbeni
33%
2007/08 Everton Yakubu Ayegbeni
33%
2011/12 Blackburn Rovers Yakubu Ayegbeni
33%
1997/98 Chelsea Gianluca Vialli
29%
2002/03 Southampton James Beattie
29%
2024/25 Brentford Kevin Schade
29%
2025/26 Brentford Kevin Schade
29%
1992/93 Norwich City Mark Robins
29%
2021/22 Chelsea Mason Mount
29%
1999/00 Leeds United Michael Bridges
29%
1993/94 Coventry City Micky Quinn
29%
1994/95 Coventry City Peter Ndlovu
29%
2007/08 Blackburn Rovers Roque Santa Cruz
29%
2009/10 Chelsea Solomon Kalou
29%
1993/94 Everton Tony Cottee
29%
1993/94 Everton Tony Cottee
29%
1994/95 West Ham United Tony Cottee
29%
1997/98 Coventry City Darren Huckerby
25%
1998/99 Coventry City Darren Huckerby
25%
1993/94 Wimbledon Dean Holdsworth
25%
1993/94 Aston Villa Dean Saunders
25%
1992/93 Leeds United Gordon Strachan
25%
2002/03 Arsenal Jermaine Pennant
25%
2018/19 Tottenham Hotspur Lucas Moura
25%
2019/20 West Ham United Michail Antonio
25%
1997/98 Liverpool Patrik Berger
25%
2011/12 Fulham Pavel Pogrebnyak
25%
2000/01 Arsenal Ray Parlour
25%
1992/93 Leeds United Rod Wallace
25%
2012/13 Arsenal Santi Cazorla
25%
1995/96 Aston Villa Savo Milošević
25%
1999/00 Leicester City Stan Collymore
25%
2009/10 Liverpool Yossi Benayoun
25%
1993/94 Queens Park Rangers Bradley Allen
21%
2014/15 Queens Park Rangers Charlie Austin
21%
1998/99 Tottenham Hotspur Chris Armstong
21%
2005/06 Blackburn Rovers David Bentley
21%
1999/00 Bradford City Dean Windass
21%
2023/24 Arsenal Eddie Nketiah
21%
1993/94 Norwich City Efan Ekoku
21%
1992/93 Middlesbrough John Hendrie
21%
2014/15 Stoke City Jonathan Walters
21%
1996/97 Blackburn Rovers Kevin Gallacher
21%
1997/98 Blackburn Rovers Kevin Gallacher
21%
2010/11 Newcastle United Kevin Nolan
21%
2012/13 West Ham United Kevin Nolan
21%
2005/06 Aston Villa Luke Moore
21%
1992/93 Liverpool Mark Walters
21%
1996/97 West Ham United Paul Kitson
21%
2001/02 West Ham United Paul Kitson
21%
2000/01 Manchester City Paulo Wanchope
21%
1993/94 Newcastle United Peter Beardsley
21%
2013/14 Chelsea Samuel Eto'o
21%
2012/13 Manchester United Shinji Kagawa
21%
1996/97 Tottenham Hotspur Steffen Iversen
21%
1999/00 Tottenham Hotspur Steffen Iversen
21%
1992/93 Queens Park Rangers Andy Sinton
17%
1993/94 Swindon Town Jan Åge Fjørtoft
17%
1999/00 Everton Nick Barmby
17%
2024/25 Chelsea Noni Madueke
17%
2011/12 West Bromwich Albion Peter Odemwingie
17%
2016/17 Burnley Andre Gray
13%
2013/14 Chelsea André Schürrle
13%
2019/20 Chelsea Christian Pulisic
13%
2021/22 Leeds United Jack Harrison
13%
2012/13 Wigan Athletic Jordi Gómez
13%
2000/01 Ipswich Town Marcus Stewart
13%
2005/06 West Ham United Marlon Harewood
13%
2007/08 Birmingham City Mikael Forssell
13%
2007/08 Middlesbrough Afonso Alves
8%
1995/96 Chelsea Gavin Peacock
8%
2015/16 Newcastle United Georginio Wijnaldum
8%
2005/06 Wigan Athletic Henri Camara
8%
2020/21 Leicester City Kelechi Iheanacho
8%
2003/04 Charlton Athletic Kevin Lisbie
8%
2015/16 Everton Steven Naismith
8%
1997/98 Sheffield Wednesday Andy Booth
4%
2009/10 Portsmouth Aruna Dindane
4%
2024/25 Bournemouth Dango Ouattara
4%
2001/02 Bolton Wanderers Fredi Bobic
4%
1996/97 Everton Gary Speed
4%
2018/19 Watford Gerard Deulofeu
4%
2016/17 West Bromwich Albion Salomón Rondón
4%
2010/11 West Bromwich Albion Somen Tchoyi
4%
2003/04 Eveton Steve Watson
4%
2014/15 Crystal Palace Yannick Bolasie
4%
2015/16 Everton Arouna Koné
0%
2007/08 Portsmouth Benjani Mwaruwari
0%
2007/08 Portsmouth Benjani Mwaruwari
0%
1998/99 Charlton Athletic Clive Mendonca
0%
1996/97 Leicester City Ian Marshall
0%
2010/11 Newcastle United Leon Best
0%
2004/05 West Bromwich Albion Robert Earnshaw
0%
No matching quizzes found
Score Distribution
Percent of People with Each Score
Percentile by Number Answered
Your Score History
You have not taken this quiz since the last reset